| 000 | 00852nam a2200217 i 4500 | ||
|---|---|---|---|
| 001 | 153310 | ||
| 003 | ES-MaACL | ||
| 005 | 20250829064107.0 | ||
| 008 | 931025s1782 po |||| | por d | ||
| 100 | 1 |
_aCouto, Diogo do. _941324 |
|
| 245 | 1 | 0 |
_aDa Asia de Diogo de Couto _b: dos feitos que os portuguezes fizeram na conquista e descubrimento das terras e mares do Oriente : decada setima : parte primeira. |
| 260 |
_aLisboa : _bna Regia Officina Typografice, _c1782. |
||
| 300 |
_a[16], 398 p. ; _c8º. |
||
| 500 | _aContinuacion de Da Asia de João de Barros. | ||
| 597 | _aSign.: *8, A-Z8, 2A8, 2B7. | ||
| 597 | _aPort. con esc. xil. | ||
| 650 | 0 | 7 |
_aDescubrimientos geográficos portugueses _2embne _911832 |
| 700 | 1 |
_aBarros, João de, _d1496-1570 _926048 |
|
| 852 |
_aES-MaACL _jR-1970 _z-- Enc. hol. |
||
| 999 |
_c153310 _d153310 |
||